1994 අංක 22 දරන වධදීමට සහ අනිකුත් කෲර, අමානුෂික හෝ නින්දිත සැළකීමට හෝ දඬුවම්වලට එරෙහිව වූ සම්මුතිය පනත (Record no. 4386)
[ view plain ]
| 000 -LEADER | |
|---|---|
| fixed length control field | 00930nam a2200169 4500 |
| 003 - CONTROL NUMBER IDENTIFIER | |
| control field | LK-CoMWRAF |
| 005 - DATE AND TIME OF LATEST TRANSACTION | |
| control field | 20231213100740.0 |
| 008 - FIXED-LENGTH DATA ELEMENTS--GENERAL INFORMATION | |
| fixed length control field | 231213b |||||||| |||| 00| 0 eng d |
| 040 ## - CATALOGING SOURCE | |
| Original cataloging agency | LK-CoMWRAF |
| Modifying agency | LK-CoMWRAF |
| Description conventions | LK-CoMWRAF |
| 041 ## - LANGUAGE CODE | |
| Language code of text/sound track or separate title | Sinhala; Sinhalese |
| 082 ## - DEWEY DECIMAL CLASSIFICATION NUMBER | |
| Classification number | 345.070 |
| Item number | WAD |
| 942 ## - ADDED ENTRY ELEMENTS (KOHA) | |
| Koha item type | Books |
| 245 ## - TITLE STATEMENT | |
| Title | 1994 අංක 22 දරන වධදීමට සහ අනිකුත් කෲර, අමානුෂික හෝ නින්දිත සැළකීමට හෝ දඬුවම්වලට එරෙහිව වූ සම්මුතිය පනත |
| 246 ## - VARYING FORM OF TITLE | |
| Title proper/short title | 1994 anka 22 darana wadadeemata saha anikuth kruura, amanushika hoo ninditha salakeemata hoo danduwamwalata erehi woo sammuthi panatha |
| 300 ## - PHYSICAL DESCRIPTION | |
| Extent | කොළඹ : |
| Other physical details | මානව හිමිකම් කේන්ද්රය-කොළඹ විශ්වවිද්යලය |
| 650 ## - SUBJECT ADDED ENTRY--TOPICAL TERM | |
| Topical term or geographic name as entry element | 1994 අංක 22 දරන සම්මුති පනත |
| Withdrawn status | Lost status | Damaged status | Not for loan | Permanent Location | Current Location | Date acquired | Full call number | Barcode | Koha item type |
|---|---|---|---|---|---|---|---|---|---|
| Resource center, Muslim Women's Research And Action Forum | Resource center, Muslim Women's Research And Action Forum | 2023-12-13 | 345.070 WAD | RAF3452 | Books | ||||
| Resource center, Muslim Women's Research And Action Forum | Resource center, Muslim Women's Research And Action Forum | 2023-12-13 | 345.070 WAD | RAF3453 | Books | ||||
| Resource center, Muslim Women's Research And Action Forum | Resource center, Muslim Women's Research And Action Forum | 2023-12-13 | 345.070 WAD | RAF3454 | Books |

